000 00560nam a2200145 a 4500
001 000033533
005 20200930070327.0
008 110831s1972 dr 000 0 spa d
040 _aDO-SdBNP
_bspa
_cBNPHU
110 2 _aArzobispado de Santo Domingo
_bCentro Latinoamericano de Población y Familia
_959044
245 1 0 _aInforme del estudio exploratorio sobre la inmigración haitiana en la República Dominicana /
_cprólogo Frank M. Hernández.
260 _aSanto Domingo :
_bArzobispado de Santo Domingo,
_c1972.
300 _a88 p. ;
_c32 cm.
049 _aBNPD
999 _c33024
_d33024